North American Flag Maps Quiz Stats

 Plays Quiz Updated Aug 30, 2016

Also try: European Flag Maps
Challenge
Share
Tweet
Score 0/23 Timer 06:00
15 Plays Today
% Correct
United States of America
99.7%
Mexico
98.6%
Canada
96%
Jamaica
90.9%
Cuba
85.7%
Panama
80%
Haiti
73.3%
Guatemala
70.5%
Bahamas
70.3%
Costa Rica
69.6%
Honduras
67.8%
El Salvador
67%
% Correct
Barbados
65.4%
Trinidad and Tobago
63.9%
Belize
61.8%
Dominican Republic
60.2%
Nicaragua
59%
Saint Vincent and the Grenadines
57%
Antigua and Barbuda
56.1%
Dominica
53.6%
Saint Lucia
52.1%
Saint Kitts and Nevis
51.1%
Grenada
45%

You're not logged in!

Compare scores with friends on all Sporcle quizzes.
Join for Free
OR
Log In

You Might Also Like...

Show Comments

Extras

Top Quizzes Today


Score Distribution

Your Account Isn't Verified!

In order to create a playlist on Sporcle, you need to verify the email address you used during registration. Go to your Sporcle Settings to finish the process.

Report this User

Report this user for behavior that violates our Community Guidelines.

Details: